-
DHAKER, DR KEHAR SINGH. JAIN; DR. ASHISH & SINGHAI, DR . AKHILESH KUMAR
Entry Personal Name
Number of records used in: 1
001 - CONTROL NUMBER
003 - CONTROL NUMBER IDENTIFIER
005 - DATE AND TIME OF LATEST TRANSACTION
- control field:
20251117175313.0
008 - FIXED-LENGTH DATA ELEMENTS
- fixed length control field:
251117|| aca||aabn | a|a d
040 ## - CATALOGING SOURCE
- Original cataloging agency:
JRU
- Transcribing agency:
JRU
100 ## - HEADING--PERSONAL NAME
- Personal name:
DHAKER, DR KEHAR SINGH. JAIN; DR. ASHISH & SINGHAI, DR . AKHILESH KUMAR
670 ## - SOURCE DATA FOUND
- Source citation:
Work cat.: (JRU)8907: DHAKER, DR KEHAR SINGH. JAIN; DR. ASHISH & SINGHAI, DR . AKHILESH KUMAR, A PRACTICAL BOOK OF HERBAL DRUG TECHNOLOGY FOR B. PHARMA [VI SEMESTER], 2024